000 00832nam a2200241Ia 4500
008 191130s2009##################000#0#eng##
020 _a9780898716719
022 _a2008046428
040 _aACL
_cACL
082 _a512.9434 CAM
100 _aCampbell, S. L
245 _aGeneralized inverses of linear transformations
_cStephen L. Campbell, Carl D. Meyer
250 _a1st ed
260 _aPhiladelphia, PA
_bSociety for Industrial and Applied Mathematics
_c2009
300 _axx, 272 p. : ill. ; 23 cm
500 _aOriginally published: London : Pitman Pub., 1979. Includes bibliographical references (p. [263]-267) and index
650 _aMatrix inversion
650 _aTransformations (Mathematics)
700 _aMeyer, C. D
990 _a47b96ea8ac10000c2cf93f158863e46e
991 _a162412
999 _c192632
_d192632